Statistics for Vocabulary Words ending in "Man"

Click here to take the quiz!

General Stats

  • This quiz has been taken 27,235 times
    (9,518 since last reset)
  • The average score is 11 of 20

Answer Stats

DefinitionWord% Correct
One who films dangerous scenes
in place of a famous actor
Stuntman
91%
Television news hostAnchorman
84%
Head of the board of directorsChairman
81%
Murderer for hireHitman
78%
Make-believe monsterBogeyman
65%
Early human; TroglodyteCaveman
65%
Tier of noosesHangman
61%
Pickup artist's buddyWingman
61%
Member of the House of RepresentativesCongressman
58%
Evil mastermind's servantHenchman
57%
Person who is not an ordained ministerLayman
52%
Leader of a juryForeman
51%
In olden times, a person who robbed travelersHighwayman
51%
One who fencesSwordsman
50%
Ordained ministerClergyman
46%
Person who bails someone out of
jail in exchange for a fee
Bondsman
45%
AristocratNobleman
41%
Military diverFrogman
39%
One who maintains power wiresLineman
31%
Person who loads and unloads shipsLongshoreman
23%

Score Distribution

Percentile by Number Answered

Percent of People with Each Score

Your Score History

You have not taken this quiz since the last reset